000 00357nam a2200145Ia 4500
008 151213s9999 xx 000 0 und d
100 _aThomas Hardy
245 _aTess of The Durbervilles
_cThomas Hardy
260 _aNew York
_bOxford Press
_c1998
300 _a3524 p.
650 _aEnglish
650 _aEnglish
700 _aThomas Hardy
999 _c2331
_d2331